
Library Catalogue

| 000 -LEADER | |
|---|---|
| fixed length control field | 02131nam a2200217Ia 4500 |
| 003 - CONTROL NUMBER IDENTIFIER | |
| control field | OSt |
| 005 - DATE AND TIME OF LATEST TRANSACTION | |
| control field | 20210409123454.0 |
| 008 - FIXED-LENGTH DATA ELEMENTS--GENERAL INFORMATION | |
| fixed length control field | 160316s2002 xxu||||| |||| 00| 0 eng d |
| 020 ## - INTERNATIONAL STANDARD BOOK NUMBER | |
| International Standard Book Number | 9781856497923 |
| 040 ## - CATALOGING SOURCE | |
| Transcribing agency | NLS |
| 082 ## - DEWEY DECIMAL CLASSIFICATION NUMBER | |
| Classification number | 332.042 BEL |
| Item number | BEL |
| 100 ## - MAIN ENTRY--PERSONAL NAME | |
| Personal name | Bello Walden |
| 245 ## - TITLE STATEMENT | |
| Title | Global finance : new thinking on regulating speculative capital markets |
| 260 ## - PUBLICATION, DISTRIBUTION, ETC. | |
| Place of publication, distribution, etc. | Dhaka |
| Name of publisher, distributor, etc. | University Press |
| Date of publication, distribution, etc. | 2002 |
| 300 ## - PHYSICAL DESCRIPTION | |
| Extent | 244p |
| Dimensions | xii |
| 365 ## - TRADE PRICE | |
| Price amount | Gratis |
| 505 ## - FORMATTED CONTENTS NOTE | |
| Formatted contents note | Contents<br/>Introduction - WALDEN BELLO, NICOLA BULLARD AND KAMAL MALHOTRA;<br/>1 Notes on the Ascendancy and Regulation of Speculative Capital WALDEN BELLO, KAMAL MALHOTRA, NICOLA BULLARD AND MARCO MEZZERA; <br/>2 A Short History of Neoliberalism: Twenty years of Elite Economics and Emerging Opportunities for Structural Change SUSAN GEORGE; <br/>3 Practical Proposals: the UN System and Financial Regulation CARLOS FORTIN;<br/>4 Renewing the Governance of the Global Economy KAMAL MALHOTRA;<br/>5 Their Reforms and Ours: Balance of Forces and Economic Analysis in a New Global Financial Architecture PATRICK BOND; <br/>6 The Death of the Washington Consensus? ROBIN BROAD AND JOHN CAVANAGH; <br/>7 Can the IMF Be Reformed? RI CHARD LEAVER AND LEONARD SEABROOKE; <br/>8 Can Global Finance Be Regulated? MANFRED BI ENEFELD; <br/>9 Putting People before Profits: Proposals for the Regulation of Foreign Investment JESSICA WOODROFFE; <br/>10 Why Capital Controls and International Debt Restructuring Mechanisms are Necessary to Prevent and Manage Crises MARTIN KHOR; <br/>11 Capital Account Convertibility: Theoretical Issues and Policy Options SUMANGALA DAMODARAN; <br/>12 China: the Case for Capital Controls YU YONGDING; <br/>13 An International Chapter 11: Bankruptcy and Special Drawing Rights ZHIYUAN CUI;<br/>14 The Tobin Tax and the Regulation of Capital Movements BRUNO JETIN AND SUZANNE DE BRUNHOF; <br/>15 A Feasible Foreign Exchange Transactions Tax RODNEY SCHMIDT; <br/>Index.<br/> |
| 650 ## - SUBJECT ADDED ENTRY--TOPICAL TERM | |
| Topical term or geographic name entry element | 1. International Finance - Capital Movements2. International Finance - Law & Legislation3. Capital Movements - Financial Institutions |
| 700 ## - ADDED ENTRY--PERSONAL NAME | |
| Personal name | Bullard Nicola |
| -- | Malhotra Kamal |
| 942 ## - ADDED ENTRY ELEMENTS (KOHA) | |
| Source of classification or shelving scheme | Dewey Decimal Classification |
| Koha item type | BOOKs |
| Withdrawn status | Lost status | Damaged status | Not for loan | Home library | Current library | Shelving location | Date acquired | Total Checkouts | Full call number | Barcode | Date last seen | Price effective from | Koha item type |
|---|---|---|---|---|---|---|---|---|---|---|---|---|---|
| NLS | NLS | Library Compactors | 30/05/2017 | 332.042 BEL | 31704 | 30/05/2017 | 30/05/2017 | BOOKs |